00429nam a2200145Ia 4500008004100000020001800041041000800059082001600067100001400083245013200097260001600229300000800245365001600253700001400269230714s9999 xx 000 0 und d a9780000000000 aeng a006.31bBON aBonnin R. aMachine Learning For DevelopersbUplift Your Regular Applications With The Power Of Statistics, Analytics, And Machine Learning c2017bPackt a250 cRs.b799.00 aBonnin R.